| 000 | 01207nam a2200373 a 4500 | ||
|---|---|---|---|
| 001 | 000012189 | ||
| 003 | DO-SdBNP | ||
| 005 | 20180315101218.0 | ||
| 007 | 000012189 | ||
| 008 | 091106s 2006 dr 000 0 spa d | ||
| 020 | _a9945408434 | ||
| 040 |
_aBPMET _bspa _cBPMET |
||
| 092 |
_a843.8 _bV531v |
||
| 100 | 1 | _aVerne, Julio | |
| 245 | 1 | 0 |
_aViaje al centro de la tierra / _cJulio Verne ; versión Maria Isabel Plaz-Power ; ilustración Adolfo Golindano. |
| 260 |
_aSanto Domingo : _bTobogán, _c2006. |
||
| 300 |
_a120 p. ; _c24 cm. |
||
| 490 | 1 | _aClásicos universales Tobogán | |
| 500 | _aLa biblioteca posee la versión | ||
| 650 | 4 | _aNOVELA FRANCESA | |
| 650 | 4 | _aLITERATURA FRANCESA | |
| 700 | 1 | 2 | _aPlaz Power, María Isabel |
| 700 | 1 | 2 |
_aGolindano, Adolfo _eil. |
| 700 | 1 | 2 |
_d1828-1905 _tViaje al centro de la tierra |
| 830 | 0 | _aClásicos universales Tobogán | |
| 910 | _aValidado. Control de calidad MFF | ||
| 930 | 1 |
_l _m _8 _f _p _g |
|
| 942 |
_2ddc _cBK |
||
| 945 | _aTítulo remanejado para BNPHU / 2017 VM | ||
| 956 |
_a VMATEO _b 10 _c 20161023 _l BPMSU _h 0069 |
||
| 956 |
_a _b _c _l _h |
||
| 956 |
_a _b _c _l _h |
||
| 956 |
_aVMATEO _b10 _c20150508 _lBPMSU _h00151 |
||
| 999 |
_c7834 _d7834 |
||